00522cam a2200181ua 45000010005000000080039000050200018000440400009000620820011000711000033000822450072001152500009001872600031001963000023002276530014002506530050002647000026003142272110812n ii |||gr||||Z||||||asm a81-7339-069-X cMAIN a370.15 aDeka, Birendra Kr.,eAuthor.1 aSaikhik parimapan aru monoboigyanik abhikshyacby Birendra Kr. Deka a1st. aGuahati:bBanalata,c2007. a227p:bill;c23cm. aEducation aSaikhik parimapan aru monoboigyanik abhikshya aAli, Lokman,eAuthor.